Life, liberty and the defense of dignity (Record no. 92622)
[ view plain ]
| 000 -LEADER | |
|---|---|
| fixed length control field | 01154nam a2200301 a 4500 |
| 100 1# - MAIN ENTRY--AUTHOR NAME | |
| Personal name | Kass, Leon. |
| 245 10 - TITLE STATEMENT | |
| Title | Life, liberty and the defense of dignity |
| 260 ## - PUBLICATION, DISTRIBUTION, ETC. (IMPRINT) | |
| Place of publication | San Francisco : |
| Name of publisher | Encounter Books, |
| Year of publication | 2004, c2002. |
| 300 ## - PHYSICAL DESCRIPTION | |
| Number of Pages | 313 p. |
| 650 #0 - SUBJECT ADDED ENTRY--TOPICAL TERM | |
| Topical Term | Bioethics. |
| 856 40 - ELECTRONIC LOCATION AND ACCESS | |
| Uniform Resource Identifier | http://site.ebrary.com/lib/rucke/Doc?id=10388411 |
No items available.
